Componentes electrónicos y mediciones / (Record no. 134603)

MARC details
000 -LEADER
campo de control de longitud fija 00591nam a2200169 i 4500
001 - NÚMERO DE CONTROL
campo de control 134603
003 - IDENTIFICADOR DE NÚMERO DE CONTROL
campo de control ES-MaACL
007 - CAMPO FIJO DE DESCRIPCIÓN FÍSICA--INFORMACIÓN GENERAL
campo de control de longitud fija t|
008 - DATOS DE LONGITUD FIJA--INFORMACIÓN GENERAL
campo de control de longitud fija 070912s1972 sp ||||1| spa d
100 1# - ENTRADA PRINCIPAL--NOMBRE DE PERSONA
Nombre de persona Wedlock, Bruce D.
9 (RLIN) 116289
245 10 - MENCIÓN DEL TÍTULO
Título Componentes electrónicos y mediciones /
Mención de responsabilidad, etc. Bruce D. Wedlock, James K. Roberge ; traducción y adaptación Bartolomé Fabián-Frankel.
260 ## - PUBLICACIÓN, DISTRIBUCIÓN, ETC.
Lugar de publicación, distribución, etc. Madrid :
Nombre del editor, distribuidor, etc. Prentice-Hall,
Fecha de publicación, distribución, etc. [1972]
300 ## - DESCRIPCIÓN FÍSICA
Extensión XIV, 333 p. :
Otras características físicas il. ;
Dimensiones 24 cm.
700 1# - ENTRADA AGREGADA--NOMBRE PERSONAL
Nombre de persona Roberge, James K.
9 (RLIN) 97794
700 1# - ENTRADA AGREGADA--NOMBRE PERSONAL
Nombre de persona Fabián-Frankel, Bartolomé.
9 (RLIN) 48513
852 ## - LOCALIZACIÓN
Ubicación ES-MaACL
Número de control de estantería E-7520
Sublocalización o colección R.91761
Holdings
Estatus retirado Estado de pérdida Estado de daño No para préstamo Biblioteca de origen Biblioteca actual Ubicación en estantería Fecha de adquisición Fuente de adquisición Total de préstamos Signatura topográfica completa Código de barras Visto por última vez Precio de reemplazo Tipo de ítem Koha
        Biblioteca del Ateneo de Madrid Biblioteca del Ateneo de Madrid Depósito 2 17/01/2008     E-7520 1140106 23/02/2023 23/02/2023 Libro impreso